Notations

Saved in:
書目詳細資料
主要作者: Cage, John
格式: 圖書
語言:英语
出版: Nueva York Something Else Press 1969
主題:
標簽: 添加標簽
沒有標簽, 成為第一個標記此記錄!

MARC

LEADER 00000nam a2200000 a 4500
001 UCV7727
003 CL-VaPUC
008 890707e19690000US |||||||||||||||||eng|d
082 0 4 |a 780.148  |b CAG  |2 21 
100 |a Cage, John  |9 457429 
245 1 0 |a Notations 
300 |a 316 p 
942 |c BK 
945 |d 19890707 00:00:00 
260 |a Nueva York  |b Something Else Press  |c 1969 
650 7 |a MUSICA MANUSCRITO  |2 CL-VaPUC  |9 265460 
650 0 |a Notación musical  |9 265461 
583 |a last modification  |c 19890707 00:00:00  |k Rodrigo Vera 
999 |c 213365  |d 213363 
952 |0 0  |1 0  |4 0  |6 780_148000000000000_CAG_1969  |7 0  |8 A  |9 195678  |a BIBARQ  |b BIBARQ  |d 2019-11-14  |i 2636875  |o 780.148 CAG 1969  |p 2636875  |r 2025-01-20  |w 2019-11-14  |y BK  |k ARQ